Understanding your teeth & mouth (Record no. 406574)

MARC details
000 -LEADER
fixed length control field 00272nam a2200097Ia 4500
082 ## - DEWEY DECIMAL CLASSIFICATION NUMBER
Classification number 617.6 WRAY
008 - FIXED-LENGTH DATA ELEMENTS--GENERAL INFORMATION
fixed length control field 210817s9999 xx 000 0 und d
100 ## - MAIN ENTRY--PERSONAL NAME
Personal name WRAY, Alyson Poole, Dorset, 2003
9 (RLIN) 96611
245 #0 - TITLE STATEMENT
Title Understanding your teeth & mouth
942 ## - ADDED ENTRY ELEMENTS
item type Books

No items available.